Partial recall: Essays on literature and literary history (Record no. 169530)

MARC details
000 -LEADER
fixed length control field 00397nam a2200145Ia 4500
008 - FIXED-LENGTH DATA ELEMENTS--GENERAL INFORMATION
fixed length control field 230917s9999||||xx |||||||||||||| ||und||
040 ## - CATALOGING SOURCE
-- 202427
Original cataloging agency VIVEKANANDA LIBRARY
041 ## - Language
-- English
082 ## - DDC NUMBER
Classification number 824.09 M474P
100 ## - MAIN ENTRY--PERSONAL NAME
Personal name Mehrotra, Arvind Krishna
245 #0 - TITLE STATEMENT
Title Partial recall: Essays on literature and literary history
260 ## - PUBLICATION, DISTRIBUTION, ETC. (IMPRINT)
Place of publication, distribution, etc Ranikhet
Name of publisher, distributor, etc Permanent Black
Date of publication, distribution, etc 2012
300 ## - PHYSICAL DESCRIPTION
Pages 289 p.
942 ## - ADDED ENTRY ELEMENTS (KOHA)
Koha item type Books
Holdings
Withdrawn status Lost status Damaged status Not for loan Location (home branch) Sublocation or collection (holding branch) Date acquired Koha issues (times borrowed) Koha full call number Accession No. Koha date last seen Koha item type
        VIVEKANANDA LIBRARY VIVEKANANDA LIBRARY 11/09/2012   824.09 M474P 316486 17/09/2023 Books
© Designed and Maintained by Vivekananda Library, MDU Rohtak